|
|
|
|
| LEADER |
01200nam a2200265 a 4500 |
| 001 |
4940221 |
| 008 |
091209s1994 ii b 000 0 eng d |
| 010 |
|
|
|a 95900952
|
| 020 |
|
|
|a 8185107572 (Kali) :
|c Rs350.00
|
| 020 |
|
|
|a 9062249841 (International Books)
|
| 040 |
|
|
|a DLC
|c DLC
|d BD-DhAAL
|
| 082 |
0 |
0 |
|a 305.42/095
|2 20
|
| 245 |
0 |
0 |
|a Gender, economic growth, and poverty :
|b market growth and state planning in Asia and the Pacific /
|c edited by Noeleen Heyzer, Gita Sen.
|
| 260 |
|
|
|a New Delhi :
|b Kali for Women and International Books, Netherlands in collaboration with Asian and Pacific Development Centre, Kuala Lumpur,
|c 1994.
|
| 300 |
|
|
|a 395 p. ;
|c 22 cm.
|
| 504 |
|
|
|a Includes bibliographical references.
|
| 541 |
1 |
|
|e 00005707
|
| 650 |
|
0 |
|a Women in development
|z Asia.
|
| 650 |
|
0 |
|a Women in development
|z Pacific Area.
|
| 700 |
1 |
|
|a Heyzer, Noeleen.
|
| 700 |
1 |
|
|a Sen, Gita.
|
| 710 |
2 |
|
|a Asian and Pacific Development Centre.
|
| 852 |
4 |
|
|a Ayesha Abed Library
|j General Shelf.
|
| 999 |
|
|
|c 6113
|d 6113
|
| 952 |
|
|
|0 0
|1 4
|2 ddc
|4 0
|6 305_420950000000000_GEN
|7 0
|9 6101
|a BRACUL
|b BRACUL
|c GEN
|d 2009-12-15
|g 752.00
|l 0
|o 305.42095 GEN
|p 3010005707
|r 2009-12-15
|t 1
|v 1504.00
|w 2009-12-15
|y BK
|x Koha Inventory 2020
|